Hospodářská válka Spojených států amerických proti Československu

Uložené v:
Podrobná bibliografia
Hlavný autor: Procházka, Zdeněk
Médium: Kniha
Jazyk:Czech
Vydavateľské údaje: Praha Naše vojsko 1976
Tagy: Pridať tag
Žiadne tagy, Buďte prvý, kto otaguje tento záznam!

MARC

LEADER 00000nam a2200000 4500
001 c120293
005 20221207074633.4
041 0 |a cze 
044 |a CZ 
245 1 0 |a Hospodářská válka Spojených států amerických proti Československu  |c Zdeněk Procházka 
264 1 |a Praha  |b Naše vojsko  |c 1976 
300 |a 329 s. 
100 1 |a Procházka, Zdeněk